• 首页
  • 本馆介绍
  • 公告通知
  • 最新文献
  • 馆藏检索
  • 电子资源
  • 读者导购
  • 参考咨询
  • 我的图书馆
  • 登录
  • 详细信息显示
  • 放入我的书架
  • 预约/预借图书
  • 作者相关作品
  • 分类相关作品
  • 丛书相关作品
  • 出版社相关作品

书目信息

  • 表格格式
  • 工作单格式
  • 卡片格式
题名:
现代汉语习题解答提要
    
 
作者: 黄伯荣 , 廖序东 主编
分册:  
出版信息: 北京   语文出版社  1984
页数: 139页
开本: 20cm
丛书名:
单 册:
中图分类: H109.4 , H1
科图分类:
主题词: 汉语--现代--解题
电子资源:
ISBN:
000 00656nam0 2200241 45
001 1570466043
005 20150123193459.37
010    @dCNY0.75
091    @aCN@b9240.008
100    @a19960215d1984 em y0chiy0121 ea
101 0  @achi
102    @aCN@b110000
105    @ay z 000yy
200 10 @a现代汉语习题解答提要@Axian dai han yu xi ti jie da ti yao@f黄伯荣,廖序东主编
210    @a北京@c语文出版社@d1984
215    @a139页@d20cm
606    @a汉语@z现代@x解题
690    @aH109.4@v3
690    @aH1@v4
701  0 @a黄伯荣@Ahuang bo rong@4主编
701  0 @a廖序东@Aliao xu dong@4主编
801  0 @aCN@bTSSF@c20150123
905    @aZUCC@dH1@eJY37
    
    现代汉语习题解答提要/黄伯荣,廖序东主编.-北京:语文出版社,1984
    139页;20cm
    
    
    ISBN :CNY0.75
    
●
相关链接 在E读中查询图书 在五车中查询图书 在当当中查询图书 在豆瓣中查询图书


正题名:现代汉语习题解答提要     索取号:H1/JY37         预约/预借

序号 登录号 条形码 馆藏地/架位号 状态 备注
1 7843716   278437167   学院路分馆/ [索取号:H1/JY37] 在馆    
2 7843717   278437176   学院路分馆/ [索取号:H1/JY37] 在馆    
3 7843718   278437185   学院路分馆/ [索取号:H1/JY37] 在馆    
4 7843719   278437194   学院路分馆/ [索取号:H1/JY37] 在馆    
唐山师范学院图书馆 欢迎您!
大连网信软件有限公司© 版权所有